Word Ladder: Pitcher's Primary Pitch Quiz Stats

 Plays Quiz Updated Jan 17, 2018

Score 0/20 Timer 02:00
1 Play Today
Hint 4-Letter Word % Correct
Number of petals on a lucky cloverleaf⚾FOUR⚾
98.7%
A hit 'out of bounds'FOUL
95.2%
A school examTEST
93.4%
Speedy⚾FAST⚾
91.7%
Yankees, Red Sox, or Mariners, e.g.TEAM
91%
A place to put your rumpSEAT
90.6%
Only son of Homer SimpsonBART
88.8%
A round, sporting object⚾BALL⚾
87.6%
Cleaning material often coming in a barSOAP
87.1%
Chin-hair is often called a '___ patch'SOUL
86.3%
Hint 4-Letter Word % Correct
Stitching locale, often⚾SEAM⚾
86.2%
Ruth's nickname: 'The Sultan of ___'SWAT
85.7%
Times gone byPAST
85.3%
Exchange or switchSWAP
85.2%
Mammal's mammary outletTEAT
83.9%
A big gathering or bashFEST
83.6%
A constituent piece of a larger wholePART
83.4%
Totally nudeBARE
83%
Common lunch serving with sandwichesSOUP
82.6%
Welshman Gareth on Real MadridBALE
77.5%

Today's Daily Dose

Missing Word
Wicked Songs

Word Ladder
Blue Ivies

Get the Picture
Green on the Flag?

You're not logged in!

Compare scores with friends on all Sporcle quizzes.
OR
Log In

You Might Also Like...

Show Comments

Extras

Top Quizzes Today


Score Distribution

Your Account Isn't Verified!

In order to create a playlist on Sporcle, you need to verify the email address you used during registration. Go to your Sporcle Settings to finish the process.

Report this User

Report this user for behavior that violates our Community Guidelines.

Details: